• 首页
  • 本馆介绍
  • 公告通知
  • 最新文献
  • 馆藏检索
  • 电子资源
  • 读者导购
  • 参考咨询
  • 我的图书馆
  • 登录
  • 详细信息显示
  • 放入我的书架
  • 预约/预借图书
  • 作者相关作品
  • 分类相关作品
  • 丛书相关作品
  • 出版社相关作品

书目信息

  • 表格格式
  • 工作单格式
  • 卡片格式
题名:
超级沟通力
    
 
作者: 周一南 著
分册:  
出版信息: 北京   中华工商联合出版社有限责任公司  2017
页数: 218页
开本: 24cm
丛书名:
单 册:
中图分类: C912.1-49
科图分类:
主题词: 心理交往--通俗读物
电子资源:
ISBN: 978-7-5158-2016-3
000 00953nam0 2200241 450
001 5789
005 20180529222047.97
010    @a978-7-5158-2016-3@dCNY39.00
100    @a20170905d2017 em y0chiy50 ea
101 0  @achi
102    @aCN@b110000
105    @ay z 000yy
200 1  @a超级沟通力@9chao ji gou tong li@dSuper communication@f周一南著@zeng
210    @a北京@c中华工商联合出版社有限责任公司@d2017
215    @a218页@d24cm
300    @a竹石文化
330    @a本书从听、说、读、写四个主要方面入手,全面解读沟通技巧,帮助读者提升沟通能力,其中又以“说”作为重点,剖析各种情境下的说话技巧,让读者能够有针对性掌握自己所需的能力。此外,本书还介绍了人际沟通中的误区及禁忌、与陌生人的沟通方法、内向者的沟通技巧以及群体沟通等方面的内容。
510 1  @aSuper communication@zeng
606 0  @a心理交往@j通俗读物
690    @aC912.1-49@v5
701  0 @a周一南@9zhou yi nan@4著
801  0 @aCN@b91MARC@c20170905
905    @aMuseLib@dC912.1-49@e1340
    
    超级沟通力=Super communication/周一南著.-北京:中华工商联合出版社有限责任公司,2017
    218页;24cm
    竹石文化
    
    ISBN 978-7-5158-2016-3:CNY39.00
    本书从听、说、读、写四个主要方面入手,全面解读沟通技巧,帮助读者提升沟通能力,其中又以“说”作为重点,剖析各种情境下的说话技巧,让读者能够有针对性掌握自己所需的能力。此外,本书还介绍了人际沟通中的误区及禁忌、与陌生人的沟通方法、内向者的沟通技巧以及群体沟通等方面的内容。
●
相关链接 在E读中查询图书 在五车中查询图书 在当当中查询图书 在豆瓣中查询图书


正题名:超级沟通力     索取号:C912.1-49/1340         预约/预借

序号 登录号 条形码 馆藏地/架位号 状态 备注
1 1114972   211149728   第一样本阅览室/ [索取号:C912.1-49/1340] 在馆    
2 1114973   211149737   教育系资料室/ [索取号:C912.1-49/1340] 在馆    
3 1114974   211149746   教育系资料室/ [索取号:C912.1-49/1340] 在馆    
4 1114975   211149755   教育系资料室/ [索取号:C912.1-49/1340] 在馆    
5 1114976   211149764   第一借阅区/ [索取号:C912.1-49/1340] 在馆    
6 1114977   211149773   第一借阅区/ [索取号:C912.1-49/1340] 在馆    
唐山师范学院图书馆 欢迎您!
大连网信软件有限公司© 版权所有